000 00246nam a2200109Ia 4500
008 260210s9999 xx 000 0 und d
020 _a9788499362632
100 _aMisc
245 0 _aKolon: Lighting (500 Tricks)
260 _bLoft
942 _cBDES
999 _c14099
_d14099